A babysister for amanda

Bibliographic Details
Main Author: Kay G
Format: Book
Published: Selangor : Penerbitan PCT , 2004
Series:PCT red readers
Subjects:

MARC

LEADER 00000cam a2200000 7i4500
001 0000004196
005 20151222.0
008 070725
020 |a 9832807166(siri) 
020 |a 9832807212 
090 0 0 |a JF   |b ENG (4694) 
100 0 |a Kay G 
245 1 2 |a A babysister for amanda   |c Kay G 
260 |a Selangor :   |b Penerbitan PCT ,   |c 2004 
440 |a PCT red readers 
500 |a Children ages 7-9 years old (orange) 
650 0 |a Junior fiction   |x English   |x Languages 
999 |a 0000004372   |b Book   |c Children Collection   |e Cawangan Taman Universiti 
999 |a 0000004375   |b Book   |c Children Collection   |e Cawangan Taman Universiti 
999 |a 0000918897   |b Book   |c Children Collection   |e Cawangan Bukit Gambir 
999 |a 0000975989   |b Book   |c Children Collection   |e Perbadanan Perpustakaan Awam Johor 
999 |a 0000975990   |b Book   |c Children Collection   |e Perbadanan Perpustakaan Awam Johor 
999 |a 0000975991   |b Book   |c Children Collection   |e Perbadanan Perpustakaan Awam Johor 
999 |a 0000975992   |b Book   |c Children Collection   |e Perbadanan Perpustakaan Awam Johor